Sushi (in Japanese) Quiz Stats

 Plays Quiz Updated Feb 7, 2020

Support Sporcle.
Go Orange.
Score 0/24 Timer 06:00
3 Plays Today
English Japanese % Correct
freshwater eelunagi
67.8%
eggtamago
60.3%
shrimpebi
55%
octopustako
49.5%
sea urchinuni
44.9%
fatty tunatoro
43.7%
salmonsake
40.3%
tunamaguro
37.5%
blowfishfugu
34.7%
squidika
33.5%
yellowtailhamachi
30.6%
mackerelsaba
21.7%
English Japanese % Correct
saltwater eelanago
18.7%
flying fish roetobiko
17.9%
red snapper/sea breemtai
17.3%
abaloneawabi
12%
scallophotategai
10.4%
halibuthirame
8.9%
sardineiwashi
8.6%
striped bass/rockfishsuzuki
7.3%
geoduckmirugai
7.2%
troutmasu
6.4%
surf clamhokkigai
5.9%
snappershiromi
3%

From the Vault

Closest Countries to the UK & Territories

by Balaitous

We don't know if they're very close friends, though.
Remove Ads.
Support Sporcle.
Get the best of Sporcle when you Go Orange. This ad-free experience offers more features, more stats, and more fun while also helping to support Sporcle. Thank you for becoming a member.

Show Comments

Extras

Top Quizzes Today


Score Distribution

Your Account Isn't Verified!

In order to create a playlist on Sporcle, you need to verify the email address you used during registration. Go to your Sporcle Settings to finish the process.

Report this User

Report this user for behavior that violates our Community Guidelines.

Details: